000
00215 a2200097 4500
001
26657
100
_a
Greenhouse, H
245
_a
The book of psychic knowledge
260
_a
_b
Signet book
_c
090
_c
17950
_d
17950
942
_a
NUST-CAE
_c
M
_c
8836
999
_c
261730
_d
261730